The 3rd Thing You Need to Know: TV Characters Quiz Stats

 Plays Quiz Updated Mar 13, 2018

Score 0/20 Timer 05:00
4 Plays Today
% Correct
James T. Kirk
94.1%
Sheldon Cooper
93.3%
Cosmo Kramer
88.1%
Buffy Summers
87.4%
Steve Urkel
87.3%
Don Draper
86.4%
Sophia Petrillo
85%
Frasier Crane
84.6%
Rachel Green
84.5%
Carrie Bradshaw
84.3%
% Correct
Dwight Schrute
82.5%
Meredith Grey
82.4%
Al Bundy
81.8%
Columbo
78.8%
Big Bird
76.7%
Gilligan
75%
Ron Swanson
74.3%
Jesse Pinkman
73.5%
Rick Grimes
71.8%
Jon Snow
70.4%

You're not logged in!

Compare scores with friends on all Sporcle quizzes.
OR
Log In

You Might Also Like...

Show Comments

Extras

Top Quizzes Today


Score Distribution

Your Account Isn't Verified!

In order to create a playlist on Sporcle, you need to verify the email address you used during registration. Go to your Sporcle Settings to finish the process.

Report this User

Report this user for behavior that violates our Community Guidelines.

Details: